[Event "Nova Gorica op 28th"]
[Site "Nova Gorica"]
[Date "2024.01.29"]
[Round "5"]
[White "Pagnutti, Lorenzo"]
[Black "Bajec, Borut"]
[Result "1-0"]
[WhiteElo "1859"]
[BlackElo "1703"]
[PlyCount "73"]
[EventDate "2024.01.26"]
[EventType "swiss"]
[EventRounds "9"]
[EventCountry "SLO"]
[SourceTitle "CB06_2024"]
[SourceDate "2024.02.07"]
[SourceVersion "1"]
[SourceVersionDate "2024.02.07"]
[SourceQuality "1"]

1. e4 c5 2. c3 d5 3. exd5 Qxd5 4. d4 e6 5. Nf3 Nf6 6. Bd3 Be7 7. 0-0 0-0 8. Be3 Nc6 9. dxc5 Bxc5 10. Bxh7+ Nxh7 11. Qxd5 exd5 12. Bxc5 Re8 13. Nbd2 Bg4 14. Rfe1 b6 15. Bd4 Nxd4 16. Nxd4 Nf6 17. f3 Bd7 18. Kf2 Kf8 19. g4 g6 20. h4 a6 21. Nf1 Kg7 22. Ng3 Rh8 23. Rh1 Rac8 24. Rae1 b5 25. a3 a5 26. Re7 Rhd8 27. h5 Kf8 28. Re2 b4 29. axb4 axb4 30. cxb4 Rc4 31. Rd2 Rxb4 32. hxg6 fxg6 33. g5 Ng8 34. Nge2 Re8 35. Nf4 Reb8 36. b3 Be8 37. Nxd5 1-0

[Event "Nova Gorica op 28th"]
[Site "Nova Gorica"]
[Date "2024.01.28"]
[Round "4"]
[White "Bajec, Borut"]
[Black "Hozjan, Erik"]
[Result "0-1"]
[WhiteElo "1703"]
[BlackElo "1897"]
[PlyCount "66"]
[EventDate "2024.01.26"]
[EventType "swiss"]
[EventRounds "9"]
[EventCountry "SLO"]
[SourceTitle "CB06_2024"]
[SourceDate "2024.02.07"]
[SourceVersion "1"]
[SourceVersionDate "2024.02.07"]
[SourceQuality "1"]

1. d4 f5 2. Nf3 Nf6 3. c4 e6 4. Nc3 Bb4 5. Bd2 0-0 6. e3 b6 7. Be2 Bb7 8. 0-0 d6 9. a3 Bxc3 10. Bxc3 Ne4 11. Rc1 Nd7 12. b4 Ndf6 13. Bb2 g5 14. Nd2 a5 15. Nxe4 Nxe4 16. f3 Nf6 17. c5 axb4 18. axb4 Nd5 19. Qb3 Qf6 20. Ra1 f4 21. e4 Ne3 22. Rfc1 g4 23. c6 Rxa1 24. Bxa1 Bc8 25. fxg4 Qg5 26. Bf3 Nxg4 27. Bxg4 Qxg4 28. Qf3 Qg5 29. e5 dxe5 30. dxe5 Ba6 31. Rc3 Qxe5 32. Qg4+ Kf7 33. Rc1 Qe3+ 0-1

[Event "Nova Gorica op 28th"]
[Site "Nova Gorica"]
[Date "2024.01.26"]
[Round "1"]
[White "Privitera, Franco"]
[Black "Bajec, Borut"]
[Result "1-0"]
[WhiteElo "1919"]
[BlackElo "1703"]
[PlyCount "95"]
[EventDate "2024.01.26"]
[EventType "swiss"]
[EventRounds "9"]
[EventCountry "SLO"]
[SourceTitle "CB06_2024"]
[SourceDate "2024.02.07"]
[SourceVersion "1"]
[SourceVersionDate "2024.02.07"]
[SourceQuality "1"]

1. d4 d5 2. Nf3 Nf6 3. c4 e6 4. g3 Be7 5. Bg2 0-0 6. 0-0 Nbd7 7. cxd5 exd5 8. b3 Ne4 9. Bb2 c6 10. Nfd2 Ndf6 11. Nc3 Bf5 12. f3 Nxd2 13. Qxd2 Qd7 14. Rfe1 Rfe8 15. Rad1 Rad8 16. e4 dxe4 17. fxe4 Bg4 18. Ne2 h6 19. Rc1 Nh5 20. Qa5 Bg5 21. Rcd1 Be3+ 22. Kh1 Bf2 23. Ng1 Bxe1 24. Rxe1 Nf6 25. h3 Be6 26. g4 Bd5 27. exd5 Nxd5 28. Nf3 Nf4 29. Bf1 Rxe1 30. Qxe1 Qd5 31. Qe3 g5 32. Bc4 Qd6 33. Ne5 Nd5 34. Qe4 Re8 35. Qf5 Re7 36. a4 a6 37. Bd3 Nf6 38. Ba3 Qd5+ 39. Kh2 Re6 40. Bc4 Rxe5 41. dxe5 Qd2+ 42. Kh1 Qe1+ 43. Kg2 Nd5 44. Qc8+ Kg7 45. Bf8+ Kh7 46. Bd3+ f5 47. Bxf5+ Kg8 48. Bb4+ 1-0

[Event "Nova Gorica op 27th"]
[Site "Nova Gorica"]
[Date "2023.03.23"]
[Round "9"]
[White "Zlatanovic, Srdjan"]
[Black "Bajec, Borut"]
[Result "0-1"]
[WhiteElo "1718"]
[BlackElo "1734"]
[PlyCount "52"]
[EventDate "2023.03.16"]
[EventType "swiss"]
[EventRounds "9"]
[EventCountry "SLO"]
[SourceTitle "CBM 213 Extra"]
[Source "ChessBase"]
[SourceDate "2023.05.31"]
[SourceVersion "1"]
[SourceVersionDate "2023.05.31"]
[SourceQuality "1"]

1. d4 d5 2. Nf3 Nf6 3. Bg5 e6 4. e3 Be7 5. Bd3 Nbd7 6. c3 0-0 7. Qc2 h6 8. Bh4 c5 9. Nbd2 Nh5 10. Bg3 Nxg3 11. hxg3 Nf6 12. dxc5 Bxc5 13. 0-0 Ng4 14. Qb1 f5 15. Nb3 Bd6 16. c4 e5 17. Be2 e4 18. Nh2 h5 19. Qd1 Be6 20. Nd4 Bd7 21. Nb5 Bxb5 22. Qxd5+ Kh8 23. cxb5 Nxh2 24. Kxh2 Bxg3+ 25. fxg3 Qxd5 26. Bxh5 f4 0-1

[Event "Nova Gorica op 27th"]
[Site "Nova Gorica"]
[Date "2023.03.22"]
[Round "8"]
[White "Bajec, Borut"]
[Black "Veselic, Maks"]
[Result "0-1"]
[WhiteElo "1734"]
[BlackElo "1589"]
[PlyCount "70"]
[EventDate "2023.03.16"]
[EventType "swiss"]
[EventRounds "9"]
[EventCountry "SLO"]
[SourceTitle "CBM 213 Extra"]
[Source "ChessBase"]
[SourceDate "2023.05.31"]
[SourceVersion "1"]
[SourceVersionDate "2023.05.31"]
[SourceQuality "1"]

1. d4 Nf6 2. Nf3 e6 3. e3 d5 4. c4 Be7 5. Nc3 0-0 6. Bd3 b6 7. 0-0 Bb7 8. cxd5 exd5 9. b3 c5 10. Ba3 Nbd7 11. Rc1 Rc8 12. Na4 a6 13. Bf5 c4 14. Bxe7 Qxe7 15. bxc4 dxc4 16. Ne5 b5 17. Nxd7 Nxd7 18. Bxd7 Qxd7 19. Nc5 Qe7 20. Qd2 Rfd8 21. Qa5 Rd6 22. Rb1 Rg6 23. Nxb7 Qxb7 24. g3 Qe4 25. Rbc1 h5 26. Qc3 Qf3 27. h4 Rcc6 28. Qd2 Rg4 29. Qd1 Rxg3+ 30. fxg3 Qxg3+ 31. Kh1 Qxh4+ 32. Kg2 Rg6+ 33. Kf3 Qf6+ 34. Ke2 Rg2+ 35. Ke1 Qh4+ 0-1

[Event "Nova Gorica op 27th"]
[Site "Nova Gorica"]
[Date "2023.03.19"]
[Round "4"]
[White "Bajec, Borut"]
[Black "Sirk, Matija"]
[Result "1/2-1/2"]
[WhiteElo "1734"]
[BlackElo "1535"]
[PlyCount "76"]
[EventDate "2023.03.16"]
[EventType "swiss"]
[EventRounds "9"]
[EventCountry "SLO"]
[SourceTitle "CBM 213 Extra"]
[Source "ChessBase"]
[SourceDate "2023.05.31"]
[SourceVersion "1"]
[SourceVersionDate "2023.05.31"]
[SourceQuality "1"]

1. d4 Nf6 2. c4 c5 3. d5 b5 4. b3 e6 5. dxe6 fxe6 6. Nf3 Bb7 7. e3 Be7 8. Be2 0-0 9. 0-0 bxc4 10. bxc4 Nc6 11. Nc3 d5 12. Ng5 Qd7 13. Bg4 Nxg4 14. Qxg4 Bf6 15. Bb2 Ne5 16. Qxe6+ Qxe6 17. Nxe6 Nxc4 18. Nxf8 Nxb2 19. Nd7 Bxc3 20. Rfc1 Na4 21. Rab1 Bc6 22. Nxc5 Bf6 23. Na6 Bd7 24. Rc7 Nb6 25. Nc5 Bf5 26. Rb5 Be5 27. Rc6 Bg6 28. Ra5 Be8 29. Re6 Bc3 30. Ra6 Bb5 31. Ra3 Bb4 32. Rb3 Bxc5 33. Rxb5 Rc8 34. g4 d4 35. Re5 Bd6 36. Re6 Bc5 37. Re5 Bd6 38. Re6 Bc5 1/2-1/2

[Event "Nova Gorica op 27th"]
[Site "Nova Gorica"]
[Date "2023.03.18"]
[Round "3"]
[White "Pirs, Matjaz1111"]
[Black "Bajec, Borut"]
[Result "1-0"]
[WhiteElo "1944"]
[BlackElo "1734"]
[PlyCount "53"]
[EventDate "2023.03.16"]
[EventType "swiss"]
[EventRounds "9"]
[EventCountry "SLO"]
[SourceTitle "CBM 213 Extra"]
[Source "ChessBase"]
[SourceDate "2023.05.31"]
[SourceVersion "1"]
[SourceVersionDate "2023.05.31"]
[SourceQuality "1"]

1. e4 c5 2. Nf3 Nc6 3. Bb5 a6 4. Bxc6 bxc6 5. 0-0 d6 6. h3 e6 7. d3 Be7 8. Nbd2 Nf6 9. e5 Nd5 10. Ne4 dxe5 11. Nxe5 Qc7 12. f4 0-0 13. Qf3 Nf6 14. Nxc6 Nxe4 15. Nxe7+ Qxe7 16. Qxe4 Bb7 17. Qe3 Qc7 18. b3 Rad8 19. Bb2 Rd5 20. Qg3 f6 21. Rae1 Qc6 22. Re2 Qc7 23. Kh2 Rf5 24. Rxe6 h5 25. h4 Qd7 26. Rfe1 Qd5 27. c4 1-0

[Event "Nova Gorica op-A 26th"]
[Site "Nova Gorica"]
[Date "2022.09.19"]
[Round "6"]
[White "Bajec, Borut"]
[Black "Cokan, Mirko"]
[Result "1/2-1/2"]
[WhiteElo "1732"]
[BlackElo "1683"]
[PlyCount "53"]
[EventDate "2022.09.16"]
[EventType "swiss"]
[EventRounds "9"]
[EventCountry "SLO"]
[SourceTitle "CBM 210 Extra"]
[Source "ChessBase"]
[SourceDate "2022.11.30"]
[SourceVersion "1"]
[SourceVersionDate "2022.11.30"]
[SourceQuality "1"]

1. d4 Nf6 2. c4 e5 3. e3 exd4 4. exd4 d5 5. Nf3 Bb4+ 6. Bd2 Qe7+ 7. Be2 Bxd2+ 8. Qxd2 dxc4 9. 0-0 Bg4 10. Nc3 0-0 11. Rae1 Qd8 12. h3 Bxf3 13. Bxf3 c6 14. Ne4 Nxe4 15. Rxe4 Nd7 16. Rfe1 Nf6 17. Re7 Rb8 18. a3 Nd5 19. R7e5 Qd7 20. Bxd5 cxd5 21. Re7 Qc6 22. Qe3 a5 23. Qe5 b5 24. Rc7 Qa8 25. Re7 b4 26. axb4 axb4 27. Kh2 1/2-1/2

[Event "Nova Gorica op-A 26th"]
[Site "Nova Gorica"]
[Date "2022.09.16"]
[Round "1"]
[White "Bajec, Borut"]
[Black "Markocic, Tine"]
[Result "1/2-1/2"]
[WhiteElo "1732"]
[BlackElo "2034"]
[PlyCount "103"]
[EventDate "2022.09.16"]
[EventType "swiss"]
[EventRounds "9"]
[EventCountry "SLO"]
[SourceTitle "CBM 210 Extra"]
[Source "ChessBase"]
[SourceDate "2022.11.30"]
[SourceVersion "1"]
[SourceVersionDate "2022.11.30"]
[SourceQuality "1"]

1. d4 Nf6 2. c4 e6 3. Nc3 Bb4 4. Nf3 c5 5. a3 Bxc3+ 6. bxc3 Nc6 7. e3 d6 8. Bd3 e5 9. Qc2 0-0 10. 0-0 Re8 11. Ng5 h6 12. Ne4 exd4 13. exd4 cxd4 14. Bd2 Be6 15. Rfe1 Nxe4 16. Rxe4 d5 17. cxd5 Qxd5 18. Rae1 Rad8 19. c4 Qc5 20. Qc1 Qf8 21. h3 Bc8 22. Qd1 Rxe4 23. Bxe4 Be6 24. Qh5 Qxa3 25. Bxh6 Qa5 26. Qxa5 Nxa5 27. Bg5 Rd7 28. Ra1 b6 29. c5 Nb3 30. cxb6 Nxa1 31. b7 Rxb7 32. Bxb7 Bc4 33. f3 Nb3 34. Kf2 f6 35. Bf4 Nc5 36. Be4 Kf7 37. g4 Ke6 38. h4 Nd3+ 39. Bxd3 Bxd3 40. Bc7 Kd5 41. Ke1 Kc6 42. Bd8 Kb5 43. Kd2 Bb1 44. Be7 a5 45. Bf8 g6 46. Bg7 Kc4 47. Bxf6 a4 48. Be7 Kb3 49. Kc1 Bd3 50. Kd2 Bb1 51. Kc1 Bd3 52. h5 1/2-1/2

[Event "Ljubljana-chT 74th"]
[Site "Ljubljana"]
[Date "2022.03.10"]
[Round "8.4"]
[White "Bajec, Borut"]
[Black "Cop, Jaka"]
[Result "1/2-1/2"]
[WhiteElo "1749"]
[BlackElo "1907"]
[PlyCount "50"]
[EventDate "2022.01.13"]
[EventType "team-swiss"]
[EventRounds "9"]
[EventCountry "SLO"]
[SourceTitle "EXT 2024"]
[Source "ChessBase"]
[SourceDate "2023.10.10"]
[SourceVersion "1"]
[SourceVersionDate "2023.10.10"]
[SourceQuality "1"]
[WhiteTeam "Trzin Pecos Pub"]
[BlackTeam "Ig"]
[WhiteTeamCountry "SLO"]
[BlackTeamCountry "SLO"]

1. d4 d5 2. c4 e6 3. Nc3 Nf6 4. Nf3 c6 5. e3 Bd6 6. Bd3 0-0 7. 0-0 Nbd7 8. b3 Qe7 9. e4 dxe4 10. Nxe4 Nxe4 11. Bxe4 Nf6 12. Bc2 Rd8 13. Re1 c5 14. d5 Qc7 15. Bg5 Be7 16. Qd3 g6 17. Qc3 Ng4 18. d6 Rxd6 19. h3 Bxg5 20. Nxg5 Nh6 21. Ne4 Rd4 22. Nf6+ Kf8 23. Nxh7+ Kg8 24. Nf6+ Kf8 25. Nh7+ Kg8 1/2-1/2

[Event "SLO-chT Central 22nd"]
[Site "Slovenia"]
[Date "2021.09.30"]
[Round "3.1"]
[White "Bajec, Borut"]
[Black "Perme, Martin"]
[Result "0-1"]
[WhiteElo "1742"]
[BlackElo "1679"]
[PlyCount "66"]
[EventDate "2021.09.16"]
[EventType "team-tourn"]
[EventRounds "7"]
[EventCountry "SLO"]
[SourceTitle "EXT 2024"]
[Source "ChessBase"]
[SourceDate "2023.10.10"]
[SourceVersion "1"]
[SourceVersionDate "2023.10.10"]
[SourceQuality "1"]
[WhiteTeam "Trzin Buscotrade"]
[BlackTeam "Komenda Pogi"]
[WhiteTeamCountry "SLO"]
[BlackTeamCountry "SLO"]

1. d4 Nf6 2. c4 c5 3. d5 b5 4. b3 g6 5. Bb2 Bg7 6. Qc2 d6 7. Nf3 Na6 8. a3 Bf5 9. Qc1 bxc4 10. bxc4 0-0 11. e3 Qb6 12. Nh4 Bd7 13. Be2 Rab8 14. Bc3 Nc7 15. 0-0 Na8 16. Nd2 Qa6 17. e4 Nb6 18. e5 Nfxd5 19. cxd5 Qxe2 20. e6 Bxc3 21. exf7+ Rxf7 22. Qxc3 Nxd5 23. Qa5 Qb5 24. Qxb5 Rxb5 25. Rfb1 Nc3 26. Rxb5 Bxb5 27. Nhf3 e5 28. Ng5 Rc7 29. f3 Bd3 30. Kf2 Rb7 31. Rc1 Na2 32. Ra1 Rb2 33. Ke1 c4 0-1

[Event "Portoroz Nat Festival 30th"]
[Site "Portoroz"]
[Date "2020.09.06"]
[Round "6"]
[White "Titan, Matej"]
[Black "Bajec, Borut"]
[Result "1-0"]
[WhiteElo "2261"]
[BlackElo "1758"]
[PlyCount "103"]
[EventDate "2020.09.03"]
[EventType "swiss"]
[EventRounds "9"]
[EventCountry "SLO"]
[SourceTitle "CBM 198 Extra"]
[Source "ChessBase"]
[SourceDate "2020.11.30"]
[SourceVersion "1"]
[SourceVersionDate "2020.11.30"]
[SourceQuality "1"]

1. d4 d5 2. c4 e6 3. Nc3 Nf6 4. cxd5 exd5 5. Bg5 Be7 6. e3 0-0 7. Bd3 Be6 8. Qc2 h6 9. Bh4 c6 10. Nge2 Nh5 11. Bxe7 Qxe7 12. 0-0 Nd7 13. Rad1 f5 14. Nf4 Nxf4 15. exf4 Rae8 16. Rfe1 Qf7 17. b4 Qh5 18. Na4 Nf6 19. f3 a6 20. Nc5 Bc8 21. Re5 Rxe5 22. fxe5 Nd7 23. Ne6 Re8 24. Nf4 Qg5 25. Nh3 Qe3+ 26. Qf2 Qxf2+ 27. Kxf2 Nf8 28. Nf4 Kf7 29. a4 Bd7 30. Ra1 Ne6 31. Nxe6 Kxe6 32. Ke3 g5 33. f4 g4 34. Rb1 Rc8 35. Rg1 Rg8 36. Kf2 h5 37. Kg3 Kf7 38. Kh4 Kg6 39. Re1 Re8 40. h3 Re7 41. Rb1 Re8 42. Kg3 Rc8 43. hxg4 hxg4 44. Rh1 a5 45. Rb1 axb4 46. Rxb4 c5 47. Rb6+ Kh5 48. e6 Bxa4 49. Bxf5 cxd4 50. Bxg4+ Kh6 51. e7+ Rc6 52. e8Q 1-0

[Event "Nova Gorica op 25th"]
[Site "Nova Gorica"]
[Date "2020.01.30"]
[Round "9"]
[White "Bajec, Borut"]
[Black "Huse, Sigurd Kjelsbol"]
[Result "0-1"]
[WhiteElo "1739"]
[BlackElo "2167"]
[PlyCount "30"]
[EventDate "2020.01.24"]
[EventType "swiss"]
[EventRounds "9"]
[EventCountry "SLO"]
[SourceTitle "CBM 194"]
[Source "ChessBase"]
[SourceDate "2020.01.27"]
[SourceVersion "1"]
[SourceVersionDate "2020.01.27"]
[SourceQuality "1"]

1. d4 d5 2. c4 c6 3. Nc3 Nf6 4. Bg5 e6 5. Nf3 Bb4 6. a3 Bxc3+ 7. bxc3 dxc4 8. e4 Qa5 9. Bxf6 Qxc3+ 10. Nd2 gxf6 11. Rc1 Qxd4 12. Bxc4 Nd7 13. 0-0 Ne5 14. Bb3 Rg8 15. Qe2 Qxd2 0-1

[Event "Nova Gorica op 25th"]
[Site "Nova Gorica"]
[Date "2020.01.28"]
[Round "7"]
[White "Ceschia, Ivano"]
[Black "Bajec, Borut"]
[Result "1-0"]
[WhiteElo "2211"]
[BlackElo "1739"]
[PlyCount "51"]
[EventDate "2020.01.24"]
[EventType "swiss"]
[EventRounds "9"]
[EventCountry "SLO"]
[SourceTitle "CBM 194"]
[Source "ChessBase"]
[SourceDate "2020.01.27"]
[SourceVersion "1"]
[SourceVersionDate "2020.01.27"]
[SourceQuality "1"]

1. e4 c5 2. Nf3 Nc6 3. Bb5 a6 4. Bxc6 bxc6 5. d4 cxd4 6. Qxd4 d6 7. 0-0 Nf6 8. e5 Nd5 9. b3 Rb8 10. Re1 e6 11. Rd1 dxe5 12. Nxe5 Qb6 13. Qe4 Bd6 14. c4 Bxe5 15. Qxe5 Nf6 16. Ba3 Qxf2+ 17. Kxf2 Ng4+ 18. Kg3 Nxe5 19. Bd6 Rb7 20. Bxe5 h5 21. Nc3 f6 22. Bd6 h4+ 23. Kf2 g5 24. Ne4 Rh6 25. Bc5 Rd7 26. Nd6+ 1-0

[Event "Nova Gorica op 24th"]
[Site "Nova Gorica"]
[Date "2019.01.26"]
[Round "2"]
[White "Bajec, Borut"]
[Black "Rozmanec, Pia"]
[Result "1-0"]
[WhiteElo "1773"]
[BlackElo "1651"]
[PlyCount "149"]
[EventDate "2019.01.25"]
[EventType "swiss"]
[EventRounds "9"]
[EventCountry "SLO"]
[SourceTitle "CBM 188 Extra"]
[Source "ChessBase"]
[SourceDate "2019.02.26"]
[SourceVersion "1"]
[SourceVersionDate "2019.02.26"]
[SourceQuality "1"]

1. d4 Nf6 2. c4 c5 3. d5 b5 4. b3 b4 5. Nf3 g6 6. Bb2 Bg7 7. e3 0-0 8. Be2 d6 9. 0-0 Bf5 10. Nbd2 Nbd7 11. Nh4 Nb6 12. Nxf5 gxf5 13. Bf3 Rb8 14. e4 fxe4 15. Nxe4 Nxe4 16. Bxg7 Kxg7 17. Bxe4 Nd7 18. Bc2 Nf6 19. Qd3 Rg8 20. Rae1 Kf8 21. Re3 Qc8 22. Rfe1 Rb7 23. Qd2 Rg7 24. Rf3 Qg4 25. Rg3 Qh4 26. Rxg7 Kxg7 27. Re3 Kh8 28. Rh3 Qg4 29. Qd3 Qg7 30. Qe2 Rc7 31. Qe3 Ng4 32. Qd3 Nf6 33. f3 Rc8 34. Qe3 Rg8 35. g4 Qf8 36. g5 Rg7 37. Kf2 Nd7 38. f4 Qe8 39. Qe4 Nf8 40. Rg3 Ng6 41. h4 Nf8 42. f5 e6 43. f6 Rg8 44. dxe6 Qxe6 45. Qxe6 Nxe6 46. Bf5 Re8 47. Re3 Kg8 48. h5 Nc7 49. Re7 Rxe7 50. fxe7 f6 51. Be6+ Kg7 52. h6+ Kg6 53. Bd7 fxg5 54. e8Q+ Nxe8 55. Bxe8+ Kxh6 56. Kg3 Kg7 57. Kg4 Kf6 58. Bc6 Kg6 59. Be4+ Kf6 60. Bxh7 a5 61. Kf3 Ke5 62. Ke3 g4 63. Bg8 Kf5 64. Bd5 Kg5 65. Be6 g3 66. Bh3 g2 67. Bxg2 Kf5 68. Bh3+ Ke5 69. Bd7 d5 70. cxd5 Kxd5 71. Bb5 Ke5 72. Bc4 Kf5 73. Kd3 Ke5 74. Bb5 Kd5 75. Ba4 1-0

[Event "SLO-chT2 West"]
[Site "Komenda"]
[Date "2018.11.24"]
[Round "5.5"]
[White "Bajec, Borut"]
[Black "Krivec, Metod"]
[Result "1-0"]
[WhiteElo "1780"]
[BlackElo "1753"]
[PlyCount "90"]
[EventDate "2018.11.10"]
[EventType "team-tourn"]
[EventRounds "7"]
[EventCountry "SLO"]
[SourceTitle "EXT 2020"]
[Source "ChessBase"]
[SourceDate "2019.10.17"]
[SourceVersion "1"]
[SourceVersionDate "2019.10.17"]
[SourceQuality "1"]
[WhiteTeam "Trzin"]
[BlackTeam "Radovljica"]
[WhiteTeamCountry "SLO"]
[BlackTeamCountry "SLO"]

1. d4 g6 2. c4 Bg7 3. Nf3 d6 4. e3 Nc6 5. Be2 e5 6. d5 Nce7 7. e4 f5 8. exf5 gxf5 9. 0-0 Nf6 10. Nc3 0-0 11. Bd2 Ng6 12. Rc1 Kh8 13. Ng5 h6 14. Bh5 Nxh5 15. Qxh5 Rf6 16. Ne6 Bxe6 17. dxe6 Rxe6 18. Bxh6 Bxh6 19. Qxh6+ Kg8 20. Qh5 Qf6 21. Nd5 Qf7 22. Rc3 c6 23. Ne3 Ne7 24. Qh3 Kg7 25. f4 Rh8 26. Qg3+ Rg6 27. Qf2 e4 28. Nc2 Kf8 29. Qxa7 Qg7 30. Rf2 Rgh6 31. g3 Rh3 32. Qe3 Ng6 33. Nd4 Qf6 34. Rb3 R8h7 35. Qd2 Rg7 36. Rg2 Re7 37. Nc2 Kf7 38. Ne3 Rh8 39. Qa5 Rh7 40. Qxf5 Qxf5 41. Nxf5 Rd7 42. Rd2 d5 43. cxd5 cxd5 44. Rb5 Ke6 45. Nd4+ Kd6 1-0

[Event "SLO-chT2 West"]
[Site "Komenda"]
[Date "2018.11.10"]
[Round "1.6"]
[White "Bajec, Borut"]
[Black "Vodnik, Val"]
[Result "1-0"]
[WhiteElo "1780"]
[BlackElo "1056"]
[PlyCount "59"]
[EventDate "2018.11.10"]
[EventType "team-tourn"]
[EventRounds "7"]
[EventCountry "SLO"]
[SourceTitle "EXT 2020"]
[Source "ChessBase"]
[SourceDate "2019.10.17"]
[SourceVersion "1"]
[SourceVersionDate "2019.10.17"]
[SourceQuality "1"]
[WhiteTeam "Trzin"]
[BlackTeam "Vrhnika II"]
[WhiteTeamCountry "SLO"]
[BlackTeamCountry "SLO"]

1. d4 d5 2. c4 dxc4 3. Nc3 Nf6 4. e4 b6 5. Bxc4 Bb7 6. d5 c6 7. Nf3 cxd5 8. exd5 g6 9. 0-0 Bg7 10. Bb5+ Nbd7 11. Ne5 0-0 12. Nc6 Bxc6 13. Bxc6 Rb8 14. Bf4 Rc8 15. Nb5 Nh5 16. Be3 a6 17. Nd4 Rc7 18. Rc1 b5 19. g4 Nhf6 20. Bf4 Ra7 21. Qf3 Ne8 22. Be3 Rc7 23. Rc2 Nd6 24. b3 Ne5 25. Qe2 Qc8 26. h3 Nxc6 27. Nxc6 Qd7 28. Rfc1 Kh8 29. Bd2 Bf6 30. Ne5 1-0

[Event "SLO-chT Central 19th"]
[Site "Slovenia"]
[Date "2018.10.18"]
[Round "6.3"]
[White "Bajec, Borut"]
[Black "Jersic, Aleks"]
[Result "0-1"]
[WhiteElo "1780"]
[BlackElo "1650"]
[PlyCount "50"]
[EventDate "2018.09.13"]
[EventType "team-tourn"]
[EventRounds "7"]
[EventCountry "SLO"]
[SourceTitle "EXT 2021"]
[Source "ChessBase"]
[SourceDate "2020.10.23"]
[SourceVersion "1"]
[SourceVersionDate "2020.10.23"]
[SourceQuality "1"]
[WhiteTeam "Trzin Buscotrade"]
[BlackTeam "Klinicni Center"]
[WhiteTeamCountry "SLO"]
[BlackTeamCountry "SLO"]

1. d4 d5 2. c4 e6 3. Nc3 Nf6 4. Bg5 Be7 5. e3 0-0 6. Nf3 c6 7. Bd3 Nbd7 8. 0-0 b6 9. Ne5 Nxe5 10. dxe5 Nd7 11. Bxe7 Qxe7 12. f4 Nc5 13. Bc2 dxc4 14. Qe2 b5 15. Ne4 Nxe4 16. Bxe4 Bb7 17. f5 exf5 18. Rxf5 g6 19. Qg4 Kh8 20. Rg5 h6 21. Rxg6 fxg6 22. Qxg6 Qg7 23. Qh5 Rae8 24. Bf3 Rxe5 25. Qh3 Bc8 0-1

[Event "Nova Gorica op 23rd"]
[Site "Nova Gorica"]
[Date "2018.01.31"]
[Round "8"]
[White "Vah, Denis"]
[Black "Bajec, Borut"]
[Result "0-1"]
[WhiteElo "1634"]
[BlackElo "1805"]
[PlyCount "74"]
[EventDate "2018.01.26"]
[EventType "swiss"]
[EventRounds "9"]
[EventCountry "SLO"]
[SourceTitle "CBM 182 Extra"]
[Source "ChessBase"]
[SourceDate "2018.02.23"]
[SourceVersion "1"]
[SourceVersionDate "2018.02.23"]
[SourceQuality "1"]

1. d4 d5 2. c4 e6 3. Nf3 Nf6 4. g3 Be7 5. Bg2 0-0 6. 0-0 Nbd7 7. b3 c5 8. cxd5 Nxd5 9. e4 N5f6 10. Qe2 cxd4 11. Nxd4 Qb6 12. Bb2 Rd8 13. Rd1 Bc5 14. Kh1 a5 15. Nc3 Bxd4 16. Na4 Qd6 17. Bxd4 Qe7 18. Rac1 b5 19. e5 Nd5 20. Bxd5 exd5 21. Qxb5 Ba6 22. Qxa5 Be2 23. Qxd5 Bxd1 24. Rxd1 Nb6 25. Qb5 Nxa4 26. bxa4 Qd7 27. Rd2 Qf5 28. Qb3 Qe4+ 29. f3 Qe1+ 30. Kg2 Qxd2+ 31. Bf2 Rab8 32. Qa3 Rb2 33. Qe7 Qxf2+ 34. Kh3 Qxh2+ 35. Kg4 h5+ 36. Kf4 Qd2+ 37. Kf5 Qd5 0-1

[Event "Nova Gorica op 23rd"]
[Site "Nova Gorica"]
[Date "2018.01.30"]
[Round "7"]
[White "Bajec, Borut"]
[Black "Ursic, Mateja"]
[Result "0-1"]
[WhiteElo "1805"]
[BlackElo "2039"]
[PlyCount "28"]
[EventDate "2018.01.26"]
[EventType "swiss"]
[EventRounds "9"]
[EventCountry "SLO"]
[SourceTitle "CBM 182 Extra"]
[Source "ChessBase"]
[SourceDate "2018.02.23"]
[SourceVersion "1"]
[SourceVersionDate "2018.02.23"]
[SourceQuality "1"]

1. d4 c5 2. d5 e5 3. dxe6 fxe6 4. e4 Nc6 5. Nf3 d6 6. Bd3 Nf6 7. 0-0 Be7 8. Nc3 0-0 9. Bg5 Nd7 10. Qd2 Nce5 11. Nxe5 Bxg5 12. f4 Rxf4 13. Nxd7 Rxf1+ 14. Rxf1 Bxd2 0-1

[Event "SLO-chT2 West"]
[Site "Komenda"]
[Date "2016.11.27"]
[Round "8.3"]
[White "Bajec, Borut"]
[Black "Muhic, Jure"]
[Result "1-0"]
[WhiteElo "1794"]
[BlackElo "1870"]
[PlyCount "41"]
[EventDate "2016.11.11"]
[EventType "team-tourn"]
[EventRounds "9"]
[EventCountry "SLO"]
[SourceTitle "EXT 2019"]
[Source "ChessBase"]
[SourceDate "2018.10.10"]
[SourceVersion "1"]
[SourceVersionDate "2018.10.10"]
[SourceQuality "1"]
[WhiteTeam "Trzin"]
[BlackTeam "Dolenjske Toplice"]
[WhiteTeamCountry "SLO"]
[BlackTeamCountry "SLO"]

1. d4 Nf6 2. c4 g6 3. Nc3 d5 4. Nf3 Bg7 5. e3 0-0 6. Bd3 c6 7. 0-0 dxc4 8. Bxc4 Nfd7 9. Bd2 e5 10. Ne4 Nb6 11. Bb3 exd4 12. Bb4 dxe3 13. Bxf8 exf2+ 14. Rxf2 Qxd1+ 15. Rxd1 Kxf8 16. Nfg5 Bf5 17. Nxh7+ Ke7 18. Nc5 N8d7 19. Ne6 Bh8 20. Nf4 Ne5 21. Re2 1-0